000 00954naa a2200181 i 4500
001 9767
003 KOSZ 005
005 20180409142713.0
008 180409s2012 uk fs |000 0 eng
040 _cKOSZ 005/HR
_aKOSZ 005/HR
041 _aeng
100 1 _aHRYNIEWICZ, Zdzisław.
_d1999 - 2012.
_bPolitechnika Koszalińska - Wydział Budownictwa i Inżynierii Środowiska,
_cKatedra Matematyki
245 1 0 _aThe response of a double-beam on a nonlinear foundation arising from a moving load /
_cZdzisław Hryniewicz, Piotr Kozioł.
655 0 _aMateriały konferencyjne.
700 1 _aKOZIOŁ, Piotr.
_d1999 - 2012.
_bPolitechnika Koszalińska - Wydział Budownictwa i Inżynierii Środowiska
773 0 _iW :
_t Proceedings of the First International Conference on Railway Technology : research, development and maintenance / ed. J. Pombo. -
_dStirlingshire : Civil-Comp Press, 2012. -
_gPaper 112, 1-11
_z9781905088539
942 _cROZ
_2UKD
999 _c9767
_d9767